00301nam a2200121Ia 4500008004100000041000800041082001500049100001400064245003400078260002700112300003100139365000900170240624s9999 xx 000 0 und d aeng a658.84 LAC aLACY KYLE aTWITTER MARKETING FOR DUMMIES c2010aNew DelhibWiley axvi, : 294 : p. : cm. ; 23 cb38